000 00508nam a2200217Ia 4500
003 IT-RoPAU
005 20220918175751.0
008 120407s9999 xx 000 0 und d
040 _aIT-RoPAU
040 _cIT-RoPAU
041 _aita
100 _aAntonio Piolanti
_935729
245 _aIl corpo mistico e le sue relazioni con l’eucarestia, in S. Alberto Magno
250 _aRoma
260 _c1939
300 _a215 p.
300 _c25 cm
490 _v1
942 _cBK
_2ddc
999 _c29003
_d29003